| 000 | 00439nam a2200145Ia 4500 | ||
|---|---|---|---|
| 003 | OSt | ||
| 005 | 20260130122919.0 | ||
| 008 | 211028s2018 xx 000 0 und d | ||
| 040 | _cAIMIT LIBRARY | ||
| 041 | _aeng | ||
| 100 |
_aShivaraj K; D Souza, Rayan. _g1616186 _97939 |
||
| 245 | _aProject report on consumer buying behavior and satisfaction level at FBB Mangalore / | ||
| 260 |
_aMangalore _bRavi Kudtarkar. _c2018 |
||
| 942 |
_2ddc _cPRO |
||
| 999 |
_c219507 _d219507 |
||